| 000 | 01492nam a2200253Ia 4500 | ||
|---|---|---|---|
| 003 | Ost | ||
| 005 | 20260507075327.0 | ||
| 008 | 260507s9999||||xx |||||||||||||| ||und|| | ||
| 020 | _a9789957064785 | ||
| 040 | _cfsecg | ||
| 041 | _aara | ||
| 082 | _a330 | ||
| 100 |
_aسلام، أسامة عزمي _eمؤلف |
||
| 245 | 0 |
_aدراسة الجدوى الاقتصادية و تقييم المشروعات الاستثمارية / _c أسامة عزمي سلام |
|
| 250 | _aطبعة 2 | ||
| 260 |
_aعمان: _bدار المسيرة, _c2011 |
||
| 300 |
_a334 صفحة؛ _bإيضاحات ؛ _c25 سم |
||
| 520 | _aالتعريف بدراسات الجدوى الاقتصادية : المشروع الاستثماري و عناصره و أنواع المشاريع الاستثمارية ، التعريف، الجدوى التسويقية ، الجدوى الفنية ، الجدوى المالية ، الجدوى الاجتماعية للمشروع ، قياس مخاطر الاقتراحات الاستثمارية و ادارة الاستثمارات المؤقتة ، تقييم المشاريع القائمة و معالجة المشاريع الفاشلة ، حالات عملية لدراسة جوى أولية مع وجود أسئلة و تمارين في نهاية كل فصل | ||
| 653 | _aالإستثمار | ||
| 653 | _aالمشروعات | ||
| 653 | _aدراسة الجدوى | ||
| 700 |
_aموسى، شقيري نوري _eمؤلف ثانوي |
||
| 942 | _cكتاب | ||
| 999 |
_c43972 _d43972 |
||